00338nam a22000977a 4500008004100000082001800041110002200059245008400081260006600165300000900231230621b xxu||||| |||| 00| 0 eng d a328.3658bKNA bNational Assembly aReport of the powers and privileges CommitteebEighth parliament- Sixth Session aPArliament Buildings, NairobibNational AssemblycAugust 2002 a116p